[Event "ch-FRA Blitz Online Qual"]
[Site "Europe-Chess INT"]
[Date "2020.05.16"]
[Round "14"]
[White "Pineau, Patrick"]
[Black "Charousset, Donovan"]
[Result "1/2-1/2"]
[WhiteElo "1349"]
[BlackElo "1204"]
[WhiteFideId "20673329"]
[BlackFideId "45167699"]
[EventDate "2020.05.16"]

1. d4 d5 2. c4 dxc4 3. Nc3 Nc6 4. Nf3 Bg4 5. Bg5 h6 6. Bh4 g5 7. Bg3 Bxf3 8.
gxf3 Qxd4 9. Qc2 Nb4 10. Qa4+ Nc6 11. Rd1 Qb6 12. Rb1 Qb4 13. Qc2 O-O-O 14. Bh3+
Kb8 15. O-O Nd4 16. Qe4 Nf6 17. Qe3 Nc6 18. Rfd1 Rxd1+ 19. Rxd1 Bg7 20. Be5 Nxe5
21. Qxe5 Re8 22. Qf5 Qxb2 23. Nd5 Nxd5 24. Qxd5 Qf6 25. f4 Qd6 26. Qxd6 exd6 27.
Rd5 Rxe2 28. fxg5 hxg5 29. Rxg5 Re1+ 30. Kg2 Bf8 31. Rg8 Re8 32. Bd7 Rd8 33. Bb5
a6 34. Bxc4 Ka7 35. Bxf7 Rb8 36. Bd5 Kb6 37. Bf3 Kc5 38. Rg5+ Kd4 39. Rg4+ Ke5
40. Re4+ Kf6 41. Rf4+ Ke7 42. Rg4 Bh6 43. Rh4 Rg8+ 44. Kf1 Bf8 45. Ke2 c6 46.
Re4+ Kd7 47. Bg4+ Kc7 48. Be6 Rg7 49. Bh3 Re7 50. Rxe7+ Bxe7 51. f3 c5 52. f4 b5
53. Kd3 b4 54. Kc4 Kc6 55. Bg2+ Kc7 56. Bd5 Bh4 57. h3 Bg3 58. f5 Be5 59. Ba8
Kb8 60. Bd5 Kc7 61. h4 Bf6 62. h5 a5 63. h6 Kd7 64. h7 Bh8 65. Ba8 Ke7 66. Bd5
Kf6 67. Be4 Bg7 68. Kd5 Ke7 69. Bd3 a4 70. Bb5 b3 71. axb3 axb3 72. Bd3 b2 73.
Bb1 Kf6 74. Kxd6 c4 75. Kd5 c3 76. Bc2 Kf7 77. Kc4 Ke7 78. Kd5 Kf7 79. Kd6 Kf6
80. Kd7 Kf7 81. Kd6 Kf6 82. Kd5 Kg5 83. Ke6 Kh6 84. Kf7 Bd4 85. f6 Kg5 86. h8=Q
Kf4 87. Qh4+ Ke3 88. Qg3+ Kd2 89. Qg2+ Kc1 90. Qf1+ Kxc2 91. Qe2+ Kb3 92. Qb5+
Kc2 93. Qa4+ Kc1 94. Qxd4 b1=Q 95. Qg1+ Kb2 96. Qxb1+ Kxb1 97. Ke7 c2 98. f7
c1=Q 99. f8=Q Qc5+ 100. Kf7 Qf5+ 101. Kg7 Qg5+ 102. Kf7 Qf4+ 103. Ke7 Qe5+ 104.
Kf7 Qf5+ 105. Ke7 Qe5+ 106. Kf7 Qf5+ 1/2-1/2

[Event "ch-FRA Blitz Online Qual"]
[Site "Europe-Chess INT"]
[Date "2020.05.16"]
[Round "15"]
[White "Bauer, Christian"]
[Black "Ioannidis, Evgenios"]
[Result "1/2-1/2"]
[WhiteTitle "GM"]
[BlackTitle "IM"]
[WhiteElo "2623"]
[BlackElo "2401"]
[WhiteFideId "603767"]
[BlackFideId "4229274"]
[EventDate "2020.05.16"]

1. d4 d5 2. Nf3 Nf6 3. Bf4 c5 4. e3 Nc6 5. c3 Qb6 6. Qb3 c4 7. Qc2 Bf5 8. Qc1
Nh5 9. Bg5 h6 10. Bh4 g5 11. Bg3 Nxg3 12. hxg3 Bg7 13. Nbd2 O-O 14. Be2 Qd8 15.
b3 1/2-1/2

[Event "ch-FRA Blitz Online Qual"]
[Site "Europe-Chess INT"]
[Date "2020.05.16"]
[Round "15"]
[White "Papadiamandis, Elliot"]
[Black "Velten, Paul"]
[Result "0-1"]
[BlackTitle "GM"]
[WhiteElo "2269"]
[BlackElo "2480"]
[WhiteFideId "36074160"]
[BlackFideId "681091"]
[EventDate "2020.05.16"]

1. e4 e6 2. d4 d5 3. Nd2 Nf6 4. e5 Nfd7 5. Bd3 c5 6. c3 Nc6 7. Ne2 cxd4 8. cxd4
f6 9. exf6 Nxf6 10. Nf3 Bd6 11. O-O O-O 12. Bf4 Nh5 13. Bxd6 Qxd6 14. Qd2 Bd7
15. Ng5 h6 16. Nf3 Nf4 17. Nxf4 Rxf4 18. Qe3 Raf8 19. Rfe1 Qb4 20. Ne5 Nxe5 21.
dxe5 Rxf2 22. Qxf2 Rxf2 23. Kxf2 Qd4+ 24. Ke2 Qxe5+ 25. Kd2 Qxb2+ 26. Bc2 e5 27.
Rab1 Qd4+ 28. Kc1 Bc6 29. Rb3 e4 30. g3 Qf2 31. Rd1 Qxh2 32. Rc3 Qf2 33. Bb3 e3
34. Bxd5+ Bxd5 35. Rxd5 e2 36. Rd8+ Kh7 37. Re8 e1=Q+ 38. Rxe1 Qxe1+ 39. Kb2
Qxc3+ 0-1

[Event "ch-FRA Blitz Online Qual"]
[Site "Europe-Chess INT"]
[Date "2020.05.16"]
[Round "15"]
[White "Msellek, Ilyass"]
[Black "Dourerassou, Jonathan"]
[Result "0-1"]
[WhiteTitle "FM"]
[BlackTitle "GM"]
[WhiteElo "2316"]
[BlackElo "2477"]
[WhiteFideId "675938"]
[BlackFideId "628050"]
[EventDate "2020.05.16"]

1. e4 c5 2. Nf3 Nc6 3. Bb5 g6 4. c3 Bg7 5. d4 cxd4 6. cxd4 Nf6 7. Nc3 d5 8. Ne5
Bd7 9. exd5 Nb8 10. Bc4 O-O 11. O-O a6 12. a4 Bf5 13. Qb3 Nbd7 14. Qxb7 Rb8 15.
Qxa6 Nxe5 16. dxe5 Nd7 17. e6 fxe6 18. dxe6 Ne5 19. Be2 Rb6 20. Qa5 Bxe6 21. Rd1
Qb8 22. Nb5 Bb3 23. Re1 Rbf6 24. Be3 Bc4 25. Qb4 Bxe2 26. Rxe2 Kh8 27. Rd2 h5
28. a5 Ng4 29. g3 Nxe3 30. fxe3 Bh6 31. Re1 Rf3 32. Qd4+ Kh7 33. Nc3 Rxg3+ 34.
hxg3 Qxg3+ 35. Rg2 Qxe1+ 36. Kh2 Bxe3 37. Qe4 Bf4+ 38. Kh3 Qh1+ 0-1

[Event "ch-FRA Blitz Online Qual"]
[Site "Europe-Chess INT"]
[Date "2020.05.16"]
[Round "15"]
[White "Bailet, Pierre"]
[Black "Riff, Vincent"]
[Result "1-0"]
[WhiteTitle "IM"]
[BlackTitle "FM"]
[WhiteElo "2500"]
[BlackElo "2405"]
[WhiteFideId "655830"]
[BlackFideId "617776"]
[EventDate "2020.05.16"]

1. e4 c5 2. Nf3 Nc6 3. Bb5 d6 4. O-O Bd7 5. Re1 Nf6 6. c3 a6 7. Bf1 Bg4 8. d4
cxd4 9. cxd4 e5 10. Be3 Bxf3 11. gxf3 Be7 12. Nc3 O-O 13. f4 Rc8 14. dxe5 dxe5
15. Bh3 Ra8 16. Qxd8 Rfxd8 17. Rad1 Bb4 18. f3 exf4 19. Bxf4 Nd4 20. Kf2 Nb5 21.
Rxd8+ Rxd8 22. Rd1 Bc5+ 23. Be3 Bxe3+ 24. Kxe3 Rxd1 25. Nxd1 Kf8 26. a4 Nc7 27.
Kd4 Ke7 28. Kc5 Nd7+ 29. Bxd7 Kxd7 30. Nc3 Kc8 31. Kd6 Ne8+ 32. Ke7 Nc7 33. Kxf7
g6 34. Kg7 Ne6+ 35. Kxh7 Ng5+ 36. Kxg6 Nxf3 37. h3 Kd7 38. Kf5 Kd6 39. Kf4 Nh4
40. Ne2 Ng6+ 41. Kf5 Ne7+ 42. Kf6 Ng8+ 43. Kf7 Ne7 44. e5+ Kd7 45. Nd4 Nc8 46.
e6+ Kd8 47. Nf5 1-0

[Event "ch-FRA Blitz Online Qual"]
[Site "Europe-Chess INT"]
[Date "2020.05.16"]
[Round "15"]
[White "Maze, Sebastien"]
[Black "Demuth, Adrien"]
[Result "1-0"]
[WhiteTitle "GM"]
[BlackTitle "GM"]
[WhiteElo "2557"]
[BlackElo "2492"]
[WhiteFideId "613762"]
[BlackFideId "642274"]
[EventDate "2020.05.16"]

1. d4 f5 2. Nc3 Nf6 3. Bg5 d5 4. e3 e6 5. Nf3 Be7 6. h4 O-O 7. Ne2 Ne4 8. Bxe7
Qxe7 9. c3 c5 10. Nf4 Nc6 11. Bb5 cxd4 12. exd4 Bd7 13. Bxc6 Bxc6 14. Ne5 Bb5
15. f3 Nd6 16. a4 Ba6 17. Kf2 Nf7 18. Nxf7 Qxf7 19. Re1 Rfe8 20. Re5 Qf6 21. g3
h6 22. h5 Rad8 23. Qe1 Kf7 24. Qe3 Re7 25. Re1 Rd6 26. Ng6 Re8 27. Qf4 Qg5 28.
Qxg5 hxg5 29. g4 Bd3 30. R5e3 Bc2 31. R3e2 Bxa4 32. gxf5 exf5 33. Rxe8 Bxe8 34.
Re7+ Kf6 35. Rxe8 Rb6 36. b4 Rc6 37. Re5 Rxc3 38. Ne7 Rc2+ 39. Ke3 f4+ 40. Kd3
Rg2 41. Nxd5+ Kf7 42. Re7+ Kf8 43. Rxb7 Rh2 44. Ke4 Rxh5 45. Rxa7 Rh1 46. b5
Re1+ 47. Kf5 1-0

[Event "ch-FRA Blitz Online Qual"]
[Site "Europe-Chess INT"]
[Date "2020.05.16"]
[Round "15"]
[White "Vedmediuc, Serghei"]
[Black "Migot, Tangi"]
[Result "1-0"]
[WhiteTitle "IM"]
[BlackTitle "IM"]
[WhiteElo "2464"]
[BlackElo "2351"]
[WhiteFideId "13900790"]
[BlackFideId "662445"]
[EventDate "2020.05.16"]

1. e4 c5 2. Nf3 Nc6 3. Bb5 e6 4. O-O Nge7 5. Re1 Nd4 6. Nxd4 cxd4 7. c3 Nc6 8.
d3 Bc5 9. Nd2 a6 10. Ba4 O-O 11. Nf3 b5 12. Bb3 d6 13. Bf4 e5 14. Bg5 Qb6 15.
Qd2 Be6 16. Rac1 Bxb3 17. axb3 dxc3 18. bxc3 b4 19. cxb4 Nxb4 20. Be3 Bxe3 21.
fxe3 Rfc8 22. Rc4 a5 23. Rec1 Rxc4 24. Rxc4 h6 25. d4 Re8 26. h3 exd4 27. Rxd4
Qc6 28. Nh4 Qc2 29. Qxc2 Nxc2 30. Ra4 Nxe3 31. Kf2 Nc2 32. Nf5 Re6 33. Rxa5 Rxe4
34. Nxd6 Rb4 35. Ra8+ Kh7 36. Ra7 Rxb3 37. Nxf7 Rb6 38. Ne5 Nd4 39. h4 Nf5 40.
h5 Re6 41. Ng6 Rf6 42. Kg1 Kg8 43. g4 Ne3 44. Ra8+ Kf7 45. Rf8+ Ke6 46. Re8+ Kd5
47. Rxe3 Kd4 48. Re2 Rf3 49. Rf2 Rg3+ 50. Rg2 Rf3 51. Kh2 Ke4 52. Rg3 Rf2+ 53.
Kh3 Rf1 54. Ra3 Rh1+ 55. Kg2 Rb1 56. Ra4+ Ke3 57. Nh4 Rb2+ 58. Kg3 Rb3 59. Nf5+
Ke2+ 60. Kf4 Rb7 61. Re4+ Kf2 62. Nd4 Kg2 63. Re2+ Kh3 64. Re3+ Kg2 65. Nf5 Rb4+
66. Re4 Rb7 67. g5 hxg5+ 68. Kxg5 Kh3 69. Re7 Rb5 70. Rxg7 Rb8 71. h6 Rb7 72.
Rxb7 1-0

[Event "ch-FRA Blitz Online Qual"]
[Site "Europe-Chess INT"]
[Date "2020.05.16"]
[Round "15"]
[White "Marcelin, Cyril"]
[Black "Vlachos, Anatole"]
[Result "1/2-1/2"]
[WhiteTitle "GM"]
[BlackTitle "IM"]
[WhiteElo "2444"]
[BlackElo "2401"]
[WhiteFideId "607274"]
[BlackFideId "26093189"]
[EventDate "2020.05.16"]

1. d4 f5 2. Nc3 Nf6 3. Bg5 d5 4. Nf3 e6 5. e3 a6 6. Bd3 c5 7. dxc5 Bxc5 8. O-O
Nc6 9. Be2 O-O 10. Rc1 b5 11. Nd4 Nxd4 12. exd4 Bd6 13. f4 Qb6 14. Bxf6 Rxf6 15.
g3 Bd7 16. Bf3 Rc8 17. Ne2 b4 18. Qd2 Rff8 19. Rf2 Rc4 20. Rd1 Rfc8 21. Nc1 Be7
22. Nb3 a5 23. c3 bxc3 24. bxc3 Rxc3 25. Nc5 R3xc5 26. dxc5 Bxc5 27. Rf1 Bxf2+
28. Rxf2 Ba4 29. h4 Rc2 30. Qe1 Qxf2+ 31. Qxf2 Rxf2 32. Kxf2 Kf7 33. Ke3 Ke7 34.
Kd4 Kd6 35. a3 Bd7 36. Bd1 h6 37. Bc2 Bb5 38. Bd1 Bc4 39. Bc2 Bb5 40. Bd1 Be8
41. Bc2 g5 42. hxg5 hxg5 43. Bd1 Bg6 44. Bc2 Be8 45. Bd1 Bg6 46. Bc2 Be8 1/2-1/2

[Event "ch-FRA Blitz Online Qual"]
[Site "Europe-Chess INT"]
[Date "2020.05.16"]
[Round "15"]
[White "Rakotomaharo, Fy Antenaina"]
[Black "Lagarde, Maxime"]
[Result "1/2-1/2"]
[WhiteTitle "IM"]
[BlackTitle "GM"]
[WhiteElo "2422"]
[BlackElo "2655"]
[WhiteFideId "13100050"]
[BlackFideId "662399"]
[EventDate "2020.05.16"]

1. e4 Nc6 2. Nf3 d6 3. d4 Nf6 4. c3 g6 5. Nbd2 Bg7 6. Be2 O-O 7. O-O e5 8. dxe5
dxe5 9. Qc2 Nh5 10. Rd1 Nf4 11. Bf1 Qe7 12. h3 f5 13. exf5 Bxf5 14. Qb3+ Kh8 15.
Qxb7 e4 16. Qxc6 exf3 17. Nxf3 Be4 18. Rd7 Bxf3 19. gxf3 Qg5+ 20. Kh1 Be5 21.
Be3 Qf5 22. Qe4 Qf6 23. Bxf4 Bxf4 24. Qe7 Qxe7 25. Rxe7 Rae8 26. Rae1 Rxe7 27.
Rxe7 Rd8 28. Re4 Bd6 29. Bc4 Bc5 30. Kg2 Rd2 31. Re2 Rd1 32. b4 Bd6 33. Bb3 Rc1
34. Re3 Kg7 35. Rd3 Kf6 36. Re3 h5 37. Re6+ Kf5 38. Re3 g5 39. Rd3 h4 40. Re3
Kf6 41. Re6+ Kf5 42. Re3 Bf4 43. Rd3 Kf6 44. a4 Be5 45. Bd5 Bxc3 46. b5 Ba5 47.
Be4 Ra1 48. Rd4 Bb6 49. Rc4 Ra2 50. Rc6+ Ke5 51. Bc2 Kd4 52. f4 gxf4 53. Kf3
Ra3+ 54. Kg4 Ke5 55. f3 Ra1 56. Kxh4 Rg1 57. Be4 Rg3 58. Rg6 Bf2 59. Kh5 Rxh3+
60. Kg4 Rh4+ 61. Kg5 Rh2 62. Rc6 Bb6 63. Kg6 Rg2+ 64. Kf7 Ra2 65. Rc4 Ra3 66.
Ke7 Re3 67. Kd7 Ra3 68. Kc8 Re3 69. Kb7 Ra3 70. Kc8 Kf6 71. Kd7 Kg5 72. Ke6 Kh4
73. Kf5 Kg3 74. Ke5 Ra1 75. Kf5 Rh1 76. Bc6 Rh5+ 77. Kg6 Re5 78. Kf6 Re3 79. Kf5
Re7 80. Kf6 Rh7 81. Kg6 Rh2 82. Kf5 Be3 83. a5 Ra2 84. a6 Rb2 85. Re4 Rc2 86.
Re7 Rc5+ 87. Ke4 Rc4+ 88. Kf5 Bb6 89. Rg7+ Kf2 90. Rd7 Rb4 91. Re7 Kg3 92. Rg7+
Kf2 93. Rd7 Ba5 94. Re7 Kg2 95. Rg7+ Kf1 96. Rd7 Ke2 97. Re7+ Kf2 98. Re4 Kg3
99. Rxb4 Bxb4 100. Ke4 Ba5 101. Kf5 Bb6 102. Be4 Ba5 1/2-1/2

[Event "ch-FRA Blitz Online Qual"]
[Site "Europe-Chess INT"]
[Date "2020.05.16"]
[Round "15"]
[White "Colin, Vincent"]
[Black "Gozzoli, Yannick"]
[Result "0-1"]
[WhiteTitle "IM"]
[BlackTitle "GM"]
[WhiteElo "2372"]
[BlackElo "2600"]
[WhiteFideId "612324"]
[BlackFideId "616915"]
[EventDate "2020.05.16"]

1. e4 e5 2. Nf3 Nc6 3. Bc4 Nf6 4. d3 Bc5 5. O-O d6 6. a4 a6 7. c3 Ba7 8. Nbd2 h6
9. a5 O-O 10. h3 Be6 11. Re1 Re8 12. Qb3 Qd7 13. Nf1 d5 14. exd5 Bxd5 15. Bxd5
Qxd5 16. Qxd5 Nxd5 17. Ng3 Rad8 18. Kf1 f6 19. Nf5 h5 20. h4 g6 21. Ng3 Kf7 22.
Ne4 Rd7 23. Bd2 Nde7 24. Rad1 Red8 25. Ke2 Nf5 26. Be3 Nxe3 27. fxe3 Nxa5 28.
Rf1 Kg7 29. d4 exd4 30. exd4 Re8 31. Kd3 c5 32. Nxf6 Kxf6 33. Ne5+ Ke6 34. Nxd7
Kxd7 35. Rf7+ Kc8 36. dxc5 Bxc5 37. b4 Nc6 38. Rf6 Be7 39. Re6 Rd8+ 40. Kc2 Rxd1
41. Kxd1 Bxh4 42. Rxg6 Be7 43. Kc2 h4 44. Rh6 Kd7 45. Kd3 Ne5+ 46. Ke4 Nf7 47.
Rh5 Nd6+ 48. Kd5 Nb5 49. c4 Nc7+ 50. Kd4 Ne6+ 51. Kc3 Nf4 52. Rh7 Nxg2 53. c5
Nf4 54. Kd4 Ke6 55. Ke4 Nd5 56. Rh6+ Bf6 57. Rh7 Ne7 58. Kf4 Bc3 59. Rh6+ Kd7
60. Rb6 Nd5+ 61. Kg4 Nxb6 0-1

[Event "ch-FRA Blitz Online Qual"]
[Site "Europe-Chess INT"]
[Date "2020.05.16"]
[Round "15"]
[White "Guliyev, Namig"]
[Black "Cotonnec, Melkior"]
[Result "1/2-1/2"]
[WhiteTitle "GM"]
[BlackTitle "IM"]
[WhiteElo "2529"]
[BlackElo "2300"]
[WhiteFideId "13400363"]
[BlackFideId "633275"]
[EventDate "2020.05.16"]

1. e4 c5 2. Nf3 d6 3. d4 cxd4 4. Nxd4 Nf6 5. Nc3 g6 6. Be3 Bg7 7. Be2 Nc6 8. Qd2
O-O 9. O-O Bd7 10. f3 a6 11. a4 Rc8 12. Rfe1 Ne5 13. a5 Nc4 14. Bxc4 Rxc4 15. b3
Rc8 16. Nd5 Re8 17. c4 Nxd5 18. exd5 e5 19. dxe6 fxe6 20. Rad1 d5 21. cxd5 exd5
22. Ne2 Bc6 23. Bd4 Bxd4+ 24. Nxd4 Qf6 25. h3 Kf7 26. Kh2 Rxe1 27. Rxe1 Re8 28.
Rxe8 Kxe8 29. Qe3+ Kd7 30. f4 Qe7 31. Qxe7+ Kxe7 32. g4 Kd6 33. b4 Kc7 34. Kg3
b6 35. f5 gxf5 36. gxf5 bxa5 37. bxa5 Bd7 38. Kf4 Kd6 39. h4 h6 40. Nf3 Be8 41.
Nd4 Bd7 42. f6 Bc8 43. Ke3 Bd7 44. Kf3 Bc8 45. Ke3 Bd7 46. Kd3 Bc8 47. Ke3 1/2-1/2

[Event "ch-FRA Blitz Online Qual"]
[Site "Europe-Chess INT"]
[Date "2020.05.16"]
[Round "15"]
[White "Sochacki, Wojtek"]
[Black "Terrieux, Kevin"]
[Result "0-1"]
[WhiteTitle "IM"]
[BlackTitle "IM"]
[WhiteElo "2320"]
[BlackElo "2448"]
[WhiteFideId "651389"]
[BlackFideId "622591"]
[EventDate "2020.05.16"]

1. e4 c5 2. Nf3 e6 3. b4 cxb4 4. a3 d5 5. e5 Nc6 6. axb4 Bxb4 7. c3 Ba5 8. d4
Nge7 9. Bd3 Nf5 10. Kf1 h5 11. Ba3 h4 12. Qb3 h3 13. g4 Nh4 14. Nbd2 Ng2 15. Bb5
Bd7 16. Rd1 Nf4 17. c4 a6 18. Ba4 b5 19. cxb5 axb5 20. Bxb5 Rb8 21. Qa4 Nxe5 22.
Bxd7+ Nxd7 23. Ne5 Ra8 24. Qc6 Rc8 25. Qd6 Bc7 26. Qb4 Bxe5 27. dxe5 Nd3 28. Qb5
Nxe5 29. Bb2 Nxg4 30. Rg1 Nxh2+ 31. Ke2 Qb6 32. Qxb6 Nxb6 33. Bxg7 Rg8 34. Be5
Ng4 35. Bg3 Nc4 36. Rh1 Nxd2 37. Rxd2 Nf6 38. Rxh3 Ne4 39. Ra2 Nc3+ 40. Kd3 Nxa2 0-1

[Event "ch-FRA Blitz Online Qual"]
[Site "Europe-Chess INT"]
[Date "2020.05.16"]
[Round "15"]
[White "Shchekachev, Andrei"]
[Black "Fantinel, Thibault"]
[Result "1-0"]
[WhiteTitle "GM"]
[BlackTitle "IM"]
[WhiteElo "2533"]
[BlackElo "2375"]
[WhiteFideId "4107730"]
[BlackFideId "663395"]
[EventDate "2020.05.16"]

1. Nf3 Nf6 2. c4 b6 3. g3 Bb7 4. Bg2 g6 5. O-O Bg7 6. Nc3 O-O 7. Re1 c5 8. e4
Nc6 9. d3 Ne8 10. Rb1 Nc7 11. Be3 Ne6 12. Qd2 Re8 13. Nd5 Ned4 14. Bg5 Nxf3+ 15.
Bxf3 d6 16. Bg2 Nd4 17. h4 f6 18. Be3 e6 19. Nc3 f5 20. b3 Qd7 21. b4 Bc6 22.
Ne2 fxe4 23. dxe4 e5 24. Nc3 Rf8 25. Bxd4 cxd4 26. Nd5 Bxd5 27. exd5 Rac8 28.
Rbc1 h5 29. Rc2 Kh7 30. Kh2 Bh6 31. Qd3 Qf5 32. Be4 Qf6 33. Kg2 Rc7 34. a4 Kg7
35. Ra1 Rcf7 36. a5 Kh7 37. axb6 axb6 38. Ra6 Rb8 39. Rca2 Qg7 40. Qe2 Rf6 41.
Qxh5 Rbf8 42. Qg4 Qf7 43. Ra7 Rxf2+ 44. Kh3 Rxa2 45. Qxg6+ Kh8 46. Rxf7 1-0

[Event "ch-FRA Blitz Online Qual"]
[Site "Europe-Chess INT"]
[Date "2020.05.16"]
[Round "15"]
[White "Stephan, Victor"]
[Black "Parligras, Mircea-Emilian"]
[Result "1-0"]
[WhiteTitle "IM"]
[BlackTitle "GM"]
[WhiteElo "2439"]
[BlackElo "2591"]
[WhiteFideId "656666"]
[BlackFideId "1204297"]
[EventDate "2020.05.16"]

1. d4 Nf6 2. c4 e6 3. Nc3 Bb4 4. e3 O-O 5. Ne2 Re8 6. a3 Bf8 7. Ng3 d5 8. Be2
dxc4 9. O-O c5 10. dxc5 Qc7 11. Bxc4 Bxc5 12. Qe2 Nbd7 13. b4 Bf8 14. Bb2 Ne5
15. Bb3 Bd7 16. Rac1 Qb8 17. Nb5 Bxb5 18. Qxb5 Ned7 19. Rfd1 a6 20. Qe2 Ne5 21.
f4 Nc6 22. Bxf6 gxf6 23. Ne4 Be7 24. Qg4+ Kh8 25. Qh4 Rg8 26. Nxf6 Rg7 27. Qh6
Qa7 28. Rc3 Rd8 29. Rxd8+ Bxd8 30. Ne8 Rg8 31. Bc2 f5 32. Qxe6 Qb8 33. Qxf5 1-0

[Event "ch-FRA Blitz Online Qual"]
[Site "Europe-Chess INT"]
[Date "2020.05.16"]
[Round "15"]
[White "Batsiashvili, Nino"]
[Black "Wirig, Anthony"]
[Result "1-0"]
[WhiteTitle "GM"]
[BlackTitle "GM"]
[WhiteElo "2457"]
[BlackElo "2499"]
[WhiteFideId "13602993"]
[BlackFideId "615013"]
[EventDate "2020.05.16"]

1. d4 Nf6 2. Nf3 d6 3. g3 Nc6 4. Bg2 e5 5. dxe5 dxe5 6. Qxd8+ Kxd8 7. O-O h6 8.
Rd1+ Bd7 9. b3 Bd6 10. Bb2 Ke7 11. Nbd2 Be6 12. Nc4 Bxc4 13. bxc4 Nd7 14. Nd2
Nc5 15. Nb3 Na4 16. Bc1 Nb4 17. Bd2 Nc6 18. Be3 Kf6 19. c5 Be7 20. Rd7 Rac8 21.
h4 Nb8 22. Rd2 c6 23. g4 g5 24. hxg5+ hxg5 25. Na5 Rc7 26. Rb1 Nxc5 27. Bxc5
Bxc5 28. Rxb7 Rxb7 29. Nxb7 Bb4 30. Rd3 Ke7 31. a3 e4 32. Bxe4 Be1 33. Kf1 Nd7
34. Kxe1 Ne5 35. Rg3 Rb8 36. Na5 Rb1+ 37. Kd2 Rb5 38. Nxc6+ Nxc6 39. Bxc6 Ra5
40. Be4 Kf6 41. Bf5 Ke5 42. Re3+ Kf6 43. Rd3 Ke5 44. c4 1-0

[Event "ch-FRA Blitz Online Qual"]
[Site "Europe-Chess INT"]
[Date "2020.05.16"]
[Round "15"]
[White "Duquesne, Adrien"]
[Black "Joie, Sebastien"]
[Result "0-1"]
[BlackTitle "IM"]
[WhiteElo "2147"]
[BlackElo "2393"]
[WhiteFideId "20650582"]
[BlackFideId "650420"]
[EventDate "2020.05.16"]

1. d4 d5 2. c4 c6 3. Nc3 Nf6 4. Nf3 dxc4 5. a4 e6 6. e3 c5 7. Bxc4 Nc6 8. O-O
cxd4 9. exd4 Be7 10. Qe2 O-O 11. Rd1 Nb4 12. Bf4 Bd7 13. Ne5 Bc6 14. Nxc6 bxc6
15. Rac1 a5 16. Ne4 Nfd5 17. Bg3 Qb6 18. Nc5 Rad8 19. h4 Bf6 20. Bxd5 Rxd5 21.
Rc4 Rfd8 22. Rdc1 Rxd4 23. Ne4 Be7 24. h5 h6 25. Be5 Rxc4 26. Qxc4 Nd3 27. Rf1
Nxe5 0-1

[Event "ch-FRA Blitz Online Qual"]
[Site "Europe-Chess INT"]
[Date "2020.05.16"]
[Round "15"]
[White "Bijaoui, Manuel"]
[Black "Barseghyan, Harutyun"]
[Result "1-0"]
[WhiteTitle "IM"]
[BlackTitle "IM"]
[WhiteElo "2411"]
[BlackElo "2463"]
[WhiteFideId "626783"]
[BlackFideId "13304585"]
[EventDate "2020.05.16"]

1. e4 e6 2. d4 d5 3. Nd2 h6 4. Ngf3 Nf6 5. e5 Nfd7 6. Bd3 c5 7. c3 Nc6 8. O-O g5
9. dxc5 Bxc5 10. b4 Bb6 11. Bb2 g4 12. Nd4 Ncxe5 13. Bb5 Rg8 14. c4 Nd3 15. Bc3
e5 16. c5 exd4 17. Bxd4 Nf4 18. cxb6 axb6 19. Re1+ Ne6 20. Nb3 Kf8 21. Be3 Qh4
22. Qxd5 Nf6 23. Qe5 Ng5 24. Kh1 g3 25. fxg3 Qxh2+ 26. Kxh2 Ng4+ 27. Kh1 Nxe5
28. Bxb6 Ng4 29. Bd4 Be6 30. Nc5 Rd8 31. Nxe6+ Nxe6 32. Bb6 Rd2 33. Re2 Rxe2 34.
Bxe2 h5 35. a4 f5 36. a5 h4 37. gxh4 Nf4 38. Bf3 Rh8 39. g3 Ne5 40. Bxb7 Ne2 41.
Bf2 f4 42. gxf4 Ng4 43. Be1 Nxf4 44. a6 Kf7 45. a7 Ne3 46. a8=Q Rxa8 47. Rxa8
Nc2 48. Bd2 Nd3 49. Bd5+ Kg6 50. Kg1 Kh5 51. Be4 Ne5 52. Bxc2 Kxh4 53. Rh8+ Kg3
54. Rg8+ Kh3 55. Bf5+ Kh4 56. Be1+ Kh5 57. Kg2 Nc4 58. Bf2 Nd6 59. Bd3 Kh6 60.
b5 Nf7 61. b6 Nd6 62. Be3+ Kh5 63. Kf3 Nf7 64. b7 Kh4 65. b8=Q Ne5+ 66. Qxe5 1-0

[Event "ch-FRA Blitz Online Qual"]
[Site "Europe-Chess INT"]
[Date "2020.05.16"]
[Round "15"]
[White "Di Nicolantonio, Lucas"]
[Black "Defromont, Benjamin"]
[Result "1-0"]
[WhiteTitle "IM"]
[BlackTitle "FM"]
[WhiteElo "2414"]
[BlackElo "2236"]
[WhiteFideId "680460"]
[BlackFideId "36068829"]
[EventDate "2020.05.16"]

1. e4 e5 2. Nf3 Nc6 3. d4 exd4 4. Nxd4 Bc5 5. Nb3 Bb6 6. Nc3 Nf6 7. Qe2 O-O 8.
Bg5 h6 9. Bh4 Re8 10. O-O-O d6 11. f3 a5 12. Nd5 g5 13. Nxb6 cxb6 14. Bg3 d5 15.
h4 g4 16. Qd2 dxe4 17. Qxh6 Qe7 18. Bc4 Be6 19. Bd6 Qd8 20. Bf8 Rxf8 21. Rxd8
Raxd8 22. Qxf6 Bxc4 23. Nd2 Bd5 24. h5 Kh7 25. Nxe4 Bxe4 26. h6 Rg8 27. Qxf7+
Kh8 28. Qf6+ Kh7 29. fxe4 Rdf8 30. Qd6 Re8 31. Re1 Rg6 32. Qf4 Ne5 33. Rh1 Rc6
34. Kb1 Rce6 35. Qf5+ Rg6 36. b3 b5 37. Rd1 Kxh6 38. Rd5 Rge6 39. Qf4+ Kg6 40.
Qf5+ Kg7 41. Rxb5 R8e7 42. a4 b6 43. Rd5 Rf6 44. Qg5+ Ng6 45. Qxg4 Rf4 46. Qg5
Rfxe4 47. Rd6 Re1+ 48. Kb2 R1e6 49. Rxe6 Rxe6 50. c3 Re5 51. Qd8 Re2+ 52. Ka3
Re6 53. Qc7+ Kf6 54. b4 axb4+ 55. cxb4 Ne5 56. a5 bxa5 57. bxa5 Rc6 58. Qd8+ Ke6
59. Kb4 Rd6 60. Qe8+ Kd5 61. Kb5 Rd7 62. a6 Rg7 63. Qd8+ Ke4 64. Qa8+ Kd4 65.
Qd8+ Ke4 66. Qa8+ Kd4 67. a7 Rg5 68. Qd8+ Kc3 69. Qxg5 1-0

[Event "ch-FRA Blitz Online Qual"]
[Site "Europe-Chess INT"]
[Date "2020.05.16"]
[Round "15"]
[White "Roque, Gaetan"]
[Black "Miralles, Gilles"]
[Result "1-0"]
[BlackTitle "GM"]
[WhiteElo "2128"]
[BlackElo "2418"]
[WhiteFideId "20666934"]
[BlackFideId "600059"]
[EventDate "2020.05.16"]

1. d4 Nf6 2. c4 e6 3. Nf3 c5 4. d5 b5 5. Bg5 Qa5+ 6. Qd2 Qxd2+ 7. Nbxd2 bxc4 8.
Bxf6 gxf6 9. e4 f5 10. Bxc4 Bg7 11. O-O Ba6 12. exf5 Bxc4 13. Nxc4 exd5 14.
Rfe1+ Kf8 15. Nd6 Nc6 16. Rad1 d4 17. Ne4 d6 18. Nxd6 Rd8 19. Nc4 Bf6 20. g4 Rg8
21. h3 h5 22. Re4 hxg4 23. hxg4 Rd5 24. Rde1 Kg7 25. Kf1 Nb4 26. g5 Bd8 27. f6+
Kg6 28. Nce5+ Kf5 29. Nh4+ Kxg5 30. Rg4+ Kh5 31. Rxg8 Kxh4 32. Re4+ Kh5 33. Reg4
Bxf6 34. f4 d3 35. Rg1 Rxe5 36. fxe5 Bh4 37. Rh8# 1-0

[Event "ch-FRA Blitz Online Qual"]
[Site "Europe-Chess INT"]
[Date "2020.05.16"]
[Round "15"]
[White "Vaisser, Anatoly"]
[Black "Saya, Ethan"]
[Result "0-1"]
[WhiteTitle "GM"]
[WhiteElo "2504"]
[BlackElo "2199"]
[WhiteFideId "603252"]
[BlackFideId "26095181"]
[EventDate "2020.05.16"]

1. d4 Nf6 2. c4 e6 3. Nc3 Bb4 4. a3 Bxc3+ 5. bxc3 b6 6. f3 Nc6 7. e4 d6 8. Bg5
Na5 9. Bd3 Ba6 10. Qe2 Qd7 11. e5 Ng8 12. f4 Ne7 13. Nf3 dxe5 14. Nxe5 Qa4 15.
Bxe7 Kxe7 16. O-O f6 17. Qg4 Rhg8 18. Bxh7 fxe5 19. fxe5 Bxc4 20. Bxg8 Rxg8 21.
Rf2 Qb3 22. Qg5+ Kd7 23. Rf7+ Kc6 24. Qe7 Rc8 25. Qd7+ Kb7 26. Rxg7 Qxc3 27. Rd1
Bd5 28. h4 Nc4 29. h5 Ne3 30. Rb1 Qxd4 31. Rb4 Qd1+ 32. Kh2 Qxh5+ 33. Kg3 Qxe5+
34. Kf2 Nd1+ 35. Kf1 Ne3+ 36. Kf2 Nd1+ 37. Kf1 Qf6+ 38. Ke1 Ne3 39. Kd2 Nf1+ 40.
Kc1 Qc3+ 41. Kd1 Qd2# 0-1